[Event "ODJM A 2024"]
[Site "Willingen GER"]
[Date "2024.05.19"]
[Round "1"]
[White "Hoffmann, Alexander"]
[Black "Grunert, Friedrich"]
[Result "0-1"]
[Termination "normal"]
[Board "25"]
[WhiteElo "1901"]
[BlackElo "1977"]
[WhiteClock "00:26:28"]
[BlackClock "00:30:08"]
[PlyCount "92"]
[WhiteFideId "16240219"]
[BlackFideId "12995592"]
[EventCountry "GER"]
[EventRounds "9"]
[EventType "swiss"]
[EventDate "2024.05.18"]

1. c4 {[%clk 01:30:57]} {[%emt 00:00:02]} e6 {[%clk 01:30:56]} {[%emt
00:00:04]} 2. Nf3 {[%clk 01:30:39]} {[%emt 00:00:48]} d5 {[%clk 01:31:22]}
{[%emt 00:00:04]} 3. e3 {[%clk 01:31:00]} {[%emt 00:00:09]} Nf6 {[%clk
01:31:47]} {[%emt 00:00:05]} 4. b3 {[%clk 01:30:32]} {[%emt 00:00:58]} Bd6
{[%clk 01:31:51]} {[%emt 00:00:26]} 5. Bb2 {[%clk 01:30:48]} {[%emt 00:00:13]}
O-O {[%clk 01:31:59]} {[%emt 00:00:22]} 6. Be2 {[%clk 01:30:29]} {[%emt
00:00:51]} b6 {[%clk 01:32:13]} {[%emt 00:00:16]} 7. O-O {[%clk 01:29:23]}
{[%emt 00:01:35]} Bb7 {[%clk 01:31:58]} {[%emt 00:00:44]} 8. Nc3 {[%clk
01:29:35]} {[%emt 00:00:18]} Nbd7 {[%clk 01:31:55]} {[%emt 00:00:33]} 9. Rc1
{[%clk 01:22:54]} {[%emt 00:07:12]} c5 {[%clk 01:32:03]} {[%emt 00:00:22]} 10.
d4 {[%clk 01:20:10]} {[%emt 00:03:14]} Rc8 {[%clk 01:31:32]} {[%emt 00:00:59]}
11. Nb5 {[%clk 01:02:18]} {[%emt 00:18:24]} Bb8 {[%clk 01:28:59]} {[%emt
00:03:01]} 12. dxc5 {[%clk 00:59:43]} {[%emt 00:03:07]} Nxc5 {[%clk 01:26:33]}
{[%emt 00:02:56]} 13. Nbd4 {[%clk 00:56:47]} {[%emt 00:03:26]} Qe7 {[%clk
01:23:35]} {[%emt 00:03:28]} 14. Ba3 {[%clk 00:50:11]} {[%emt 00:07:06]} Rfd8
{[%clk 01:16:19]} {[%emt 00:07:45]} 15. cxd5 {[%clk 00:42:31]} {[%emt
00:08:11]} Nxd5 {[%clk 01:13:48]} {[%emt 00:03:01]} 16. Bc4 {[%clk 00:41:18]}
{[%emt 00:01:44]} e5 {[%clk 01:02:59]} {[%emt 00:11:19]} 17. Nf5 {[%clk
00:36:12]} {[%emt 00:05:36]} Qf6 {[%clk 01:02:36]} {[%emt 00:00:53]} 18. Qc2
{[%clk 00:35:07]} {[%emt 00:01:35]} a5 {[%clk 01:00:48]} {[%emt 00:02:18]} 19.
Ng3 {[%clk 00:31:00]} {[%emt 00:04:37]} Nb4 {[%clk 00:54:43]} {[%emt 00:06:36]}
20. Qe2 {[%clk 00:27:41]} {[%emt 00:03:49]} g6 {[%clk 00:40:48]} {[%emt
00:14:25]} 21. Rfd1 {[%clk 00:24:50]} {[%emt 00:03:21]} h5 {[%clk 00:38:33]}
{[%emt 00:02:45]} 22. h3 {[%clk 00:22:11]} {[%emt 00:03:09]} h4 {[%clk
00:35:19]} {[%emt 00:03:44]} 23. Nf1 {[%clk 00:21:07]} {[%emt 00:01:34]} e4
{[%clk 00:27:03]} {[%emt 00:08:47]} 24. Rxd8+ {[%clk 00:17:48]} {[%emt
00:03:49]} Rxd8 {[%clk 00:27:13]} {[%emt 00:00:18]} 25. Nd4 {[%clk 00:17:28]}
{[%emt 00:00:50]} Ncd3 {[%clk 00:25:56]} {[%emt 00:01:48]} 26. Rd1 {[%clk
00:17:10]} {[%emt 00:00:49]} Be5 {[%clk 00:21:23]} {[%emt 00:05:03]} 27. Nb5
{[%clk 00:15:56]} {[%emt 00:01:44]} Bd5 {[%clk 00:13:54]} {[%emt 00:08:00]} 28.
Nd2 {[%clk 00:13:23]} {[%emt 00:03:03]} Bxc4 {[%clk 00:13:39]} {[%emt
00:00:45]} 29. Nxc4 {[%clk 00:13:25]} {[%emt 00:00:28]} Bb8 {[%clk 00:11:55]}
{[%emt 00:02:14]} 30. Nd4 {[%clk 00:10:17]} {[%emt 00:03:37]} Rd5 {[%clk
00:10:38]} {[%emt 00:01:47]} 31. f3 {[%clk 00:05:32]} {[%emt 00:05:16]} exf3
{[%clk 00:08:16]} {[%emt 00:02:53]} 32. Qxf3 {[%clk 00:05:44]} {[%emt
00:00:17]} Qd8 {[%clk 00:06:24]} {[%emt 00:02:21]} 33. Rf1 {[%clk 00:05:03]}
{[%emt 00:01:12]} Qc7 {[%clk 00:06:07]} {[%emt 00:00:48]} 34. g3 {[%clk
00:04:29]} {[%emt 00:01:03]} Rg5 {[%clk 00:05:02]} {[%emt 00:01:35]} 35. Ne2
{[%clk 00:04:35]} {[%emt 00:00:24]} hxg3 {[%clk 00:03:54]} {[%emt 00:01:38]}
36. Kg2 {[%clk 00:03:09]} {[%emt 00:01:56]} Rf5 {[%clk 00:03:35]} {[%emt
00:00:49]} 37. Qxg3 {[%clk 00:01:24]} {[%emt 00:02:14]} Rxf1 {[%clk 00:03:51]}
{[%emt 00:00:14]} 38. Kxf1 {[%clk 00:01:10]} {[%emt 00:00:45]} Qxg3 {[%clk
00:04:18]} {[%emt 00:00:04]} 39. Nxg3 {[%clk 00:01:37]} {[%emt 00:00:02]} Bxg3
{[%clk 00:04:42]} {[%emt 00:00:06]} 40. Nxb6 {[%clk 00:01:50]} {[%emt
00:00:17]} Nxa2 {[%clk 00:04:10]} {[%emt 00:01:01]} 41. Nc4 {[%clk 00:01:09]}
{[%emt 00:01:11]} Bc7 {[%clk 00:04:24]} {[%emt 00:00:16]} 42. Ke2 {[%clk
00:29:03]} {[%emt 00:02:37]} Ne5 {[%clk 00:32:12]} {[%emt 00:02:41]} 43. Nd2
{[%clk 00:27:32]} {[%emt 00:02:01]} Nc3+ {[%clk 00:31:57]} {[%emt 00:00:44]}
44. Kf2 {[%clk 00:27:44]} {[%emt 00:00:18]} f5 {[%clk 00:30:29]} {[%emt
00:01:59]} 45. Kg2 {[%clk 00:27:23]} {[%emt 00:00:51]} Kf7 {[%clk 00:30:25]}
{[%emt 00:00:34]} 46. Bc5 {[%clk 00:26:28]} {[%emt 00:01:25]} Ne4 {[%clk
00:30:08]} {[%emt 00:00:47]} 0-1

[Event "ODJM A 2024"]
[Site "Willingen GER"]
[Date "2024.05.19"]
[Round "1"]
[White "Ruddat, Jarne"]
[Black "Pfaar, Zeno"]
[Result "1-0"]
[Termination "normal"]
[Board "27"]
[WhiteElo "1854"]
[BlackElo "1961"]
[WhiteClock "00:06:44"]
[BlackClock "00:02:31"]
[PlyCount "79"]
[WhiteFideId "16254236"]
[BlackFideId "34614567"]
[EventCountry "GER"]
[EventRounds "9"]
[EventType "swiss"]
[EventDate "2024.05.18"]

1. e4 {[%clk 01:30:58]} c5 {[%clk 01:30:49]} {[%emt 00:00:11]} 2. Nf3 {[%clk
01:31:22]} {[%emt 00:00:07]} Nc6 {[%clk 01:31:10]} {[%emt 00:00:08]} 3. Bb5
{[%clk 01:31:48]} {[%emt 00:00:04]} g6 {[%clk 01:31:14]} {[%emt 00:00:25]} 4.
Bxc6 {[%clk 01:32:14]} {[%emt 00:00:05]} dxc6 {[%clk 01:31:36]} {[%emt
00:00:08]} 5. h3 {[%clk 01:32:40]} {[%emt 00:00:04]} Bg7 {[%clk 01:31:43]}
{[%emt 00:00:22]} 6. d3 {[%clk 01:33:04]} {[%emt 00:00:06]} Qc7 {[%clk
01:31:18]} {[%emt 00:00:55]} 7. Nc3 {[%clk 01:32:15]} {[%emt 00:01:20]} e5
{[%clk 01:31:06]} {[%emt 00:00:41]} 8. Be3 {[%clk 01:32:09]} {[%emt 00:00:36]}
b6 {[%clk 01:31:09]} {[%emt 00:00:27]} 9. Qd2 {[%clk 01:24:51]} {[%emt
00:07:49]} h6 {[%clk 01:21:21]} {[%emt 00:10:17]} 10. Nh2 {[%clk 01:17:22]}
{[%emt 00:07:59]} Ne7 {[%clk 00:52:59]} {[%emt 00:28:53]} 11. f4 {[%clk
01:09:37]} {[%emt 00:08:14]} exf4 {[%clk 00:49:45]} {[%emt 00:03:44]} 12. Bxf4
{[%clk 01:09:09]} {[%emt 00:00:58]} Qd8 {[%clk 00:42:10]} {[%emt 00:08:04]} 13.
Nf3 {[%clk 00:58:32]} {[%emt 00:11:07]} Be6 {[%clk 00:39:44]} {[%emt 00:02:57]}
14. Be5 {[%clk 00:52:38]} {[%emt 00:06:24]} f6 {[%clk 00:36:26]} {[%emt
00:03:47]} 15. Bf4 {[%clk 00:49:33]} {[%emt 00:03:36]} g5 {[%clk 00:34:43]}
{[%emt 00:02:13]} 16. Bg3 {[%clk 00:42:19]} {[%emt 00:07:44]} Ng6 {[%clk
00:33:06]} {[%emt 00:02:07]} 17. Nd1 {[%clk 00:30:56]} {[%emt 00:11:54]} O-O
{[%clk 00:28:48]} {[%emt 00:04:47]} 18. O-O {[%clk 00:28:12]} {[%emt 00:03:13]}
Qd7 {[%clk 00:25:46]} {[%emt 00:03:32]} 19. Ne3 {[%clk 00:25:58]} {[%emt
00:02:45]} Rad8 {[%clk 00:25:14]} {[%emt 00:01:01]} 20. Qe2 {[%clk 00:23:08]}
{[%emt 00:03:21]} Rde8 {[%clk 00:24:19]} {[%emt 00:01:24]} 21. Qd2 {[%clk
00:22:47]} {[%emt 00:00:52]} Ne7 {[%clk 00:20:49]} {[%emt 00:03:59]} 22. Bh2
{[%clk 00:20:39]} {[%emt 00:02:39]} Rd8 {[%clk 00:18:50]} {[%emt 00:02:28]} 23.
Rad1 {[%clk 00:19:25]} {[%emt 00:01:46]} Qe8 {[%clk 00:18:26]} {[%emt
00:00:53]} 24. b3 {[%clk 00:18:21]} {[%emt 00:01:35]} Qg6 {[%clk 00:15:51]}
{[%emt 00:03:04]} 25. g4 {[%clk 00:15:57]} {[%emt 00:02:55]} Qh7 {[%clk
00:14:35]} {[%emt 00:01:45]} 26. Nf5 {[%clk 00:15:17]} {[%emt 00:01:10]} Nxf5
{[%clk 00:12:41]} {[%emt 00:02:24]} 27. exf5 {[%clk 00:15:06]} {[%emt
00:00:41]} Bd5 {[%clk 00:13:05]} {[%emt 00:00:06]} 28. c4 {[%clk 00:15:09]}
{[%emt 00:00:28]} Bxf3 {[%clk 00:12:44]} {[%emt 00:00:51]} 29. Rxf3 {[%clk
00:15:36]} {[%emt 00:00:03]} h5 {[%clk 00:12:31]} {[%emt 00:00:42]} 30. Re3
{[%clk 00:13:44]} {[%emt 00:02:21]} hxg4 {[%clk 00:12:42]} {[%emt 00:00:20]}
31. hxg4 {[%clk 00:14:11]} {[%emt 00:00:03]} Rf7 {[%clk 00:08:48]} {[%emt
00:04:23]} 32. Qe2 {[%clk 00:12:39]} {[%emt 00:02:03]} Bf8 {[%clk 00:09:10]}
{[%emt 00:00:07]} 33. Re1 {[%clk 00:12:01]} {[%emt 00:01:08]} Rd4 {[%clk
00:05:27]} {[%emt 00:04:14]} 34. Re4 {[%clk 00:06:32]} {[%emt 00:05:59]} Rfd7
{[%clk 00:05:27]} {[%emt 00:00:29]} 35. Rxd4 {[%clk 00:06:54]} {[%emt
00:00:08]} Rxd4 {[%clk 00:05:49]} {[%emt 00:00:07]} 36. Qf3 {[%clk 00:07:00]}
{[%emt 00:00:24]} Qd7 {[%clk 00:05:34]} {[%emt 00:00:45]} 37. Re3 {[%clk
00:07:15]} {[%emt 00:00:15]} Bd6 {[%clk 00:03:36]} {[%emt 00:02:27]} 38. Bxd6
{[%clk 00:07:21]} {[%emt 00:00:24]} Qxd6 {[%clk 00:03:29]} {[%emt 00:00:38]}
39. Qh3 {[%clk 00:06:19]} {[%emt 00:01:32]} Qf4 {[%clk 00:02:31]} {[%emt
00:01:28]} 40. Re8+ {[%clk 00:06:44]} {[%emt 00:00:05]} 1-0

[Event "ODJM A 2024"]
[Site "Willingen GER"]
[Date "2024.05.19"]
[Round "1"]
[White "Drygala, Lars"]
[Black "Schulz, Tim"]
[Result "1-0"]
[Termination "normal"]
[Board "28"]
[WhiteElo "1994"]
[BlackElo "1850"]
[WhiteClock "00:53:53"]
[BlackClock "00:29:31"]
[PlyCount "35"]
[WhiteFideId "34617779"]
[BlackFideId "34629165"]
[EventCountry "GER"]
[EventRounds "9"]
[EventType "swiss"]
[EventDate "2024.05.18"]

1. d4 {[%clk 01:30:56]} {[%emt 00:00:04]} d5 {[%clk 01:30:56]} {[%emt
00:00:04]} 2. Nf3 {[%clk 01:31:15]} {[%emt 00:00:11]} Nf6 {[%clk 01:31:19]}
{[%emt 00:00:07]} 3. Bf4 {[%clk 01:30:56]} {[%emt 00:00:49]} c5 {[%clk
01:31:17]} {[%emt 00:00:32]} 4. e3 {[%clk 01:29:21]} {[%emt 00:02:05]} Nc6
{[%clk 01:31:16]} {[%emt 00:00:31]} 5. Be2 {[%clk 01:29:20]} {[%emt 00:00:31]}
Bf5 {[%clk 01:28:33]} {[%emt 00:03:13]} 6. O-O {[%clk 01:26:47]} {[%emt
00:03:02]} Qb6 {[%clk 01:26:33]} {[%emt 00:02:31]} 7. b3 {[%clk 01:21:55]}
{[%emt 00:05:22]} e6 {[%clk 01:21:02]} {[%emt 00:06:00]} 8. Nc3 {[%clk
01:16:23]} {[%emt 00:06:01]} cxd4 {[%clk 01:18:18]} {[%emt 00:03:15]} 9. Nb5
{[%clk 01:07:58]} {[%emt 00:08:55]} Rc8 {[%clk 01:17:50]} {[%emt 00:00:58]} 10.
Nfxd4 {[%clk 01:06:28]} {[%emt 00:02:00]} Nxd4 {[%clk 01:09:52]} {[%emt
00:08:27]} 11. Nxd4 {[%clk 01:06:27]} {[%emt 00:00:31]} a6 {[%clk 01:04:28]}
{[%emt 00:05:55]} 12. Nxf5 {[%clk 01:06:05]} {[%emt 00:00:52]} exf5 {[%clk
01:04:51]} {[%emt 00:00:07]} 13. Be5 {[%clk 01:02:38]} {[%emt 00:03:57]} Ba3
{[%clk 00:53:45]} {[%emt 00:11:35]} 14. Bxf6 {[%clk 00:58:21]} {[%emt
00:04:48]} Qxf6 {[%clk 00:44:44]} {[%emt 00:09:31]} 15. Qxd5 {[%clk 00:58:31]}
{[%emt 00:00:20]} Rc7 {[%clk 00:33:16]} {[%emt 00:11:58]} 16. Bd3 {[%clk
00:55:56]} {[%emt 00:03:05]} f4 {[%clk 00:31:39]} {[%emt 00:02:06]} 17. Qe4+
{[%clk 00:54:24]} {[%emt 00:02:02]} Re7 {[%clk 00:29:31]} {[%emt 00:02:38]} 18.
Qa4+ {[%clk 00:53:53]} {[%emt 00:01:01]} 1-0

[Event "ODJM A 2024"]
[Site "Willingen GER"]
[Date "2024.05.19"]
[Round "1"]
[White "Andrade, Ruben"]
[Black "Weyerer, Noah"]
[Result "0-1"]
[Termination "normal"]
[Board "30"]
[WhiteElo "1968"]
[BlackElo "1869"]
[WhiteClock "00:26:26"]
[BlackClock "00:30:01"]
[PlyCount "88"]
[WhiteFideId "16246829"]
[BlackFideId "16250664"]
[EventCountry "GER"]
[EventRounds "9"]
[EventType "swiss"]
[EventDate "2024.05.18"]

1. e4 {[%clk 01:30:57]} {[%emt 00:00:02]} e6 {[%clk 01:30:53]} {[%emt
00:00:08]} 2. d4 {[%clk 01:31:17]} {[%emt 00:00:09]} d5 {[%clk 01:31:16]}
{[%emt 00:00:07]} 3. e5 {[%clk 01:31:29]} {[%emt 00:00:17]} c5 {[%clk
01:31:11]} {[%emt 00:00:36]} 4. c3 {[%clk 01:31:54]} {[%emt 00:00:05]} Qb6
{[%clk 01:30:17]} {[%emt 00:01:24]} 5. Nf3 {[%clk 01:31:28]} {[%emt 00:00:56]}
Bd7 {[%clk 01:29:37]} {[%emt 00:01:10]} 6. Be2 {[%clk 01:26:41]} {[%emt
00:05:17]} cxd4 {[%clk 01:24:54]} {[%emt 00:05:13]} 7. cxd4 {[%clk 01:23:09]}
{[%emt 00:04:02]} Bb5 {[%clk 01:21:30]} {[%emt 00:03:55]} 8. O-O {[%clk
01:13:22]} {[%emt 00:10:16]} Bxe2 {[%clk 01:21:32]} {[%emt 00:00:28]} 9. Qxe2
{[%clk 01:13:50]} {[%emt 00:00:02]} Ne7 {[%clk 01:21:01]} {[%emt 00:01:00]} 10.
Nc3 {[%clk 01:07:32]} {[%emt 00:06:48]} Nec6 {[%clk 01:18:45]} {[%emt
00:02:46]} 11. Rb1 {[%clk 00:56:22]} {[%emt 00:11:40]} Nd7 {[%clk 01:16:42]}
{[%emt 00:02:34]} 12. Be3 {[%clk 00:55:22]} {[%emt 00:01:30]} Be7 {[%clk
01:13:25]} {[%emt 00:03:47]} 13. Rfc1 {[%clk 00:44:36]} {[%emt 00:11:15]} O-O
{[%clk 01:10:39]} {[%emt 00:03:17]} 14. b4 {[%clk 00:44:17]} {[%emt 00:00:49]}
Rfc8 {[%clk 01:04:24]} {[%emt 00:06:44]} 15. g3 {[%clk 00:37:31]} {[%emt
00:07:16]} Qd8 {[%clk 00:55:26]} {[%emt 00:09:29]} 16. a3 {[%clk 00:36:49]}
{[%emt 00:01:13]} Nb6 {[%clk 00:49:57]} {[%emt 00:05:58]} 17. Nd2 {[%clk
00:35:30]} {[%emt 00:01:48]} Nb8 {[%clk 00:46:23]} {[%emt 00:04:05]} 18. Qg4
{[%clk 00:28:45]} {[%emt 00:07:14]} N8d7 {[%clk 00:35:03]} {[%emt 00:11:51]}
19. Bh6 {[%clk 00:24:27]} {[%emt 00:04:48]} Qf8 {[%clk 00:34:55]} {[%emt
00:00:38]} 20. Nb3 {[%clk 00:07:43]} {[%emt 00:17:14]} Rc4 {[%clk 00:26:07]}
{[%emt 00:09:17]} 21. Na5 {[%clk 00:02:42]} {[%emt 00:05:32]} Nxe5 {[%clk
00:24:00]} {[%emt 00:02:38]} 22. Qxg7+ {[%clk 00:00:42]} {[%emt 00:02:29]} Qxg7
{[%clk 00:24:24]} {[%emt 00:00:06]} 23. Bxg7 {[%clk 00:01:10]} {[%emt
00:00:02]} Nf3+ {[%clk 00:16:21]} {[%emt 00:08:33]} 24. Kg2 {[%clk 00:01:34]}
{[%emt 00:00:06]} Nd2 {[%clk 00:15:45]} {[%emt 00:01:06]} 25. Nxc4 {[%clk
00:01:31]} {[%emt 00:00:33]} Nbxc4 {[%clk 00:16:04]} {[%emt 00:00:12]} 26. Bh6
{[%clk 00:01:10]} {[%emt 00:00:51]} Nxb1 {[%clk 00:16:25]} {[%emt 00:00:09]}
27. Nxb1 {[%clk 00:01:31]} {[%emt 00:00:09]} a5 {[%clk 00:13:49]} {[%emt
00:03:06]} 28. bxa5 {[%clk 00:01:38]} {[%emt 00:00:23]} Rxa5 {[%clk 00:13:30]}
{[%emt 00:00:50]} 29. Nd2 {[%clk 00:01:44]} {[%emt 00:00:21]} b5 {[%clk
00:10:06]} {[%emt 00:03:55]} 30. Rb1 {[%clk 00:00:33]} {[%emt 00:01:42]} Nxa3
{[%clk 00:09:21]} {[%emt 00:01:15]} 31. Rb3 {[%clk 00:00:35]} {[%emt 00:00:27]}
Nc4 {[%clk 00:08:51]} {[%emt 00:01:00]} 32. Nf3 {[%clk 00:00:39]} {[%emt
00:00:25]} b4 {[%clk 00:07:01]} {[%emt 00:02:22]} 33. Ne1 {[%clk 00:00:33]}
{[%emt 00:00:36]} Ra3 {[%clk 00:05:17]} {[%emt 00:02:14]} 34. Rb1 {[%clk
00:01:01]} {[%emt 00:00:02]} Rc3 {[%clk 00:04:02]} {[%emt 00:01:45]} 35. Nf3
{[%clk 00:00:33]} {[%emt 00:00:57]} b3 {[%clk 00:02:50]} {[%emt 00:01:42]} 36.
Nd2 {[%clk 00:00:34]} {[%emt 00:00:29]} Nxd2 {[%clk 00:02:05]} {[%emt
00:01:16]} 37. Bxd2 {[%clk 00:01:03]} {[%emt 00:00:01]} Rd3 {[%clk 00:01:45]}
{[%emt 00:00:50]} 38. Be3 {[%clk 00:00:44]} {[%emt 00:00:49]} Ba3 {[%clk
00:01:18]} {[%emt 00:00:58]} 39. Kf3 {[%clk 00:00:59]} {[%emt 00:00:14]} b2
{[%clk 00:01:10]} {[%emt 00:00:38]} 40. Ke2 {[%clk 00:01:22]} {[%emt 00:00:07]}
Rc3 {[%clk 00:01:09]} {[%emt 00:00:31]} 41. Kd1 {[%clk 00:29:13]} {[%emt
00:02:38]} Kg7 {[%clk 00:31:07]} {[%emt 00:00:32]} 42. Bd2 {[%clk 00:28:23]}
{[%emt 00:01:20]} Rc4 {[%clk 00:31:30]} {[%emt 00:00:08]} 43. Be3 {[%clk
00:27:27]} {[%emt 00:01:26]} Kf6 {[%clk 00:29:58]} {[%emt 00:02:02]} 44. f4
{[%clk 00:26:26]} {[%emt 00:01:30]} Kf5 {[%clk 00:30:01]} {[%emt 00:00:28]} 0-1

[Event "ODJM A 2024"]
[Site "Willingen GER"]
[Date "2024.05.19"]
[Round "1"]
[White "Sundui, Chinguun"]
[Black "Beyer, Lorenz"]
[Result "1/2-1/2"]
[Termination "normal"]
[Board "31"]
[WhiteElo "1895"]
[BlackElo "1956"]
[WhiteClock "00:04:26"]
[BlackClock "00:20:20"]
[PlyCount "60"]
[WhiteFideId "4907930"]
[BlackFideId "16245393"]
[EventCountry "GER"]
[EventRounds "9"]
[EventType "swiss"]
[EventDate "2024.05.18"]

1. e4 {[%clk 01:30:58]} {[%emt 00:00:01]} e6 {[%clk 01:30:55]} {[%emt
00:00:06]} 2. d4 {[%clk 01:31:24]} {[%emt 00:00:03]} d5 {[%clk 01:31:22]}
{[%emt 00:00:03]} 3. e5 {[%clk 01:31:52]} {[%emt 00:00:03]} c5 {[%clk
01:31:48]} {[%emt 00:00:04]} 4. c3 {[%clk 01:32:18]} {[%emt 00:00:03]} Nc6
{[%clk 01:32:16]} {[%emt 00:00:02]} 5. Nf3 {[%clk 01:32:42]} {[%emt 00:00:07]}
Qb6 {[%clk 01:32:43]} {[%emt 00:00:03]} 6. Be2 {[%clk 01:33:05]} {[%emt
00:00:06]} Nh6 {[%clk 01:29:33]} {[%emt 00:03:40]} 7. Bxh6 {[%clk 01:32:34]}
{[%emt 00:01:01]} gxh6 {[%clk 01:29:14]} {[%emt 00:00:50]} 8. Qd2 {[%clk
01:31:50]} {[%emt 00:01:14]} Bd7 {[%clk 01:23:58]} {[%emt 00:05:45]} 9. O-O
{[%clk 01:27:10]} {[%emt 00:05:09]} a6 {[%clk 01:18:13]} {[%emt 00:06:15]} 10.
Na3 {[%clk 01:19:34]} {[%emt 00:08:06]} Qa5 {[%clk 01:15:16]} {[%emt 00:03:28]}
11. Nc2 {[%clk 01:12:16]} {[%emt 00:07:48]} cxd4 {[%clk 01:15:21]} {[%emt
00:00:25]} 12. cxd4 {[%clk 01:11:48]} {[%emt 00:00:58]} Qxd2 {[%clk 01:14:28]}
{[%emt 00:01:23]} 13. Nxd2 {[%clk 01:12:16]} {[%emt 00:00:02]} Rc8 {[%clk
01:10:10]} {[%emt 00:04:48]} 14. Rac1 {[%clk 01:00:10]} {[%emt 00:12:36]} Be7
{[%clk 01:07:13]} {[%emt 00:03:26]} 15. f4 {[%clk 00:54:36]} {[%emt 00:06:04]}
O-O {[%clk 01:03:05]} {[%emt 00:04:39]} 16. Nf3 {[%clk 00:38:27]} {[%emt
00:16:38]} Rc7 {[%clk 00:55:12]} {[%emt 00:08:24]} 17. Ne3 {[%clk 00:32:50]}
{[%emt 00:06:07]} Rfc8 {[%clk 00:53:59]} {[%emt 00:01:42]} 18. Kf2 {[%clk
00:31:03]} {[%emt 00:02:17]} Nb4 {[%clk 00:46:33]} {[%emt 00:07:56]} 19. Rxc7
{[%clk 00:29:55]} {[%emt 00:01:38]} Rxc7 {[%clk 00:44:32]} {[%emt 00:02:33]}
20. a3 {[%clk 00:29:34]} {[%emt 00:00:51]} Na2 {[%clk 00:42:30]} {[%emt
00:02:31]} 21. Bd3 {[%clk 00:23:54]} {[%emt 00:06:09]} Bb5 {[%clk 00:39:20]}
{[%emt 00:03:40]} 22. Bxb5 {[%clk 00:22:08]} {[%emt 00:02:16]} axb5 {[%clk
00:39:20]} {[%emt 00:00:31]} 23. Rd1 {[%clk 00:17:07]} {[%emt 00:05:30]} Nc1
{[%clk 00:33:04]} {[%emt 00:06:47]} 24. f5 {[%clk 00:08:15]} {[%emt 00:09:22]}
b4 {[%clk 00:29:26]} {[%emt 00:04:07]} 25. f6 {[%clk 00:06:09]} {[%emt
00:02:36]} Bf8 {[%clk 00:29:50]} {[%emt 00:00:06]} 26. axb4 {[%clk 00:05:08]}
{[%emt 00:01:32]} Bxb4 {[%clk 00:29:24]} {[%emt 00:00:55]} 27. Ne1 {[%clk
00:04:58]} {[%emt 00:00:39]} Nb3 {[%clk 00:25:52]} {[%emt 00:04:02]} 28. N1c2
{[%clk 00:04:35]} {[%emt 00:00:54]} Bd2 {[%clk 00:22:34]} {[%emt 00:03:48]} 29.
Ke2 {[%clk 00:04:35]} {[%emt 00:00:30]} Ba5 {[%clk 00:21:56]} {[%emt 00:01:07]}
30. Kd3 {[%clk 00:04:26]} {[%emt 00:00:40]} Kf8 {[%clk 00:20:20]} {[%emt
00:02:06]} 1/2-1/2